00614 2200241 4500001002100000005001700021008004100038035002400079040001200103082001000115090001700125100001700142245004200159250001100201260002600212300002500238650001300263850001200276990002100288990002100309990002100330990002100351YOGYA-0209000007109220090227093519.0 ind  0010-020900000071092 aYOPDYOG a595.7 a595.7bYah K aYAHYA, Harun aKeajaiban pada laba-labacHarun Yahya aCet. 1 aBandungbDzikrac2004 a112 hlmbilusc23 cm aSerangga aYOPDYOG a34777-PD/A.08b1 a34778-PD/A.08b1 a34779-PD/A.08b1 a34780-PD/A.08b1